| 000 | 03242nam a22001577a 4500 | ||
|---|---|---|---|
| 041 | _aukr | ||
| 080 | _a09 | ||
| 090 | _bСОВ | ||
| 100 | _aСеменюк О.В. | ||
| 245 | _aДеталізація та практичне застосування класифікації фразеологічних одиниць А.І.Смирницького (у художньому творі Курта Вонегута "Бійня №5") | ||
| 260 |
_aОстрог _bКАФ _c2007 |
||
| 300 | _a65 | ||
| 520 |
_aВСТУП.
РОЗДІЛ 1. РІЗНОПЛАНОВИЙ ПІДХІД ДО ТРАКТУВАННЯ ФРАЗЕОЛОГІЧНОЇ ОДИНИЦІ. КЛАСИФІКАЦІЯ ФРАЗЕОЛОГІЧНИХ ОДИНИЦЬ.
1.1.Погляди представників східної школи лінгвістики.
1.2.Погляди представників західної школи лінгвістики.
1.3. Класифікація ФО.
1.3.1. Семантична класифікація.
1.3.2. Структурно семантична класифікація.
1.3.3. Контекстологічна класифікація.
1.3.4. Стилістико функціональна класифікація.
1.3.5. Класифікація ФО за граматичною структурою.
1.3.6. Класифікація ФО за способом утворення.
1.3.7. Етимологічна (генетична) класифікація.
ВИСНОВКИ ДО РОЗДІЛУ 1.
РОЗДІЛ2. ПРАКТИЧНЕ ЗНАЧЕННЯ ЗАСТОСУВАННЯ І ДЕТАЛІЗАЦІЯ КЛАСИФІКАЦІЇ ФО А.І. СМИРНИЦЬКОГО (ДО ТВОРУ КУРТА ВОНЕГУТА "бІЙНЯ №5").
ДОДАТОК А.
2.1. Власне ФО; одновершинні.
ДОДАТОК Б.
2.1.1. Підтип дієслівно адвербіальні.
2.1.2. Підтип to be tired.
2.1.3. Підтип by heart.
2.2. Власне ФО; тип багатовершинні.
ДОДАТОК В.
2.2.1. Підтип атрибутивно іменні.
2.2.2. Підтип атрибутивно іменні.
2.3. Підтип дієслівно субстантивних.
2.4. Підтип фразеологічних повторів.
2.5. Підтип адвербіально багатовершинні.
2.6. Інші види фразеологічних одиниць.
ДОДАТОК Г.
2.6.1. Типи традиційних словосполучень.
2.6.2. Тип власне ідіом.
2.6.3. Тип виразів еквівалентних реченню.
2.7. Деталізація класифікації А.І.Смирницького за семантичним і граматичним принципами.
2.7.1. Деталізація класифікації А.І.Смирницького за граматичним принципом.
2.7.2. Деталізація класифікації А.І.Смирницького за семантичним принципом.
ВИСНОВКИ ДО РОЗДІЛУ 2.
ЗАГАЛЬНІ ВИСНОВКИ. _0Фразеологічні одиниці, деталізація. |
||
| 650 | _aResearch Papers | ||
| 999 |
_c283958 _d283958 |
||
| 942 | _cBK | ||